|
|
|
|
| LEADER |
00000nab a2200000uu 4500 |
| 001 |
vtls011155006 |
| 003 |
SK-MaSNL |
| 005 |
20260303121532.0 |
| 008 |
230131|1969 xo |||||||||||||||||slo| |
| 015 |
|
|
|a SNBRB
|
| 035 |
|
|
|a (urnnbn)urn:nbn:sk:snk:ar-a0a8dr
|
| 035 |
|
|
|a (uuid)70be85bb-0005-4b5a-a5f5-49fa101a2e87
|
| 035 |
|
|
|a urn:nbn:sk:snk-abb3m7
|
| 040 |
|
|
|a SNKBUCL
|b slo
|c SNKBUCL
|e AACR2
|
| 041 |
0 |
|
|a slo
|
| 044 |
|
|
|a xo
|c SK
|
| 100 |
1 |
|
|a Paška, Ivan,
|d 1934-
|4 aut
|9 37120
|
| 245 |
1 |
0 |
|a PRÍSPEVOK K VYTVÁRANIU MÄSITÝCH ČASTÍ U OŠÍPANÝCH R11x2 GEN. V ĎALŠEJ ETAPE ŠĽACHTENIA NA MÄSOVÝ TYP
|c Ivan Paška, Štefan Feník
|
| 246 |
3 |
|
|a CONTRIBUTION ТО THE FORMATION OF MEATY PARTS IN THE R11y2 GEN. PIGS AND AT THE FOLLOWING STAGE OF IMPROVEMENT TO A MEAT TYPE
|
| 700 |
1 |
|
|a Feník, Štefan
|4 trl
|9 60556
|
| 773 |
0 |
|
|t Poľnohospodárstvo : časopis pre poľnohospodárske vedy
|g Roč. 15, č. 5 (1969), s. 443-449
|
| 954 |
|
|
|a odborná, vedecká literatúra pôvodná (slovenská)
|2 lita
|
| 958 |
|
|
|a OND
|
| 958 |
|
|
|a EUIPO
|
| 958 |
|
|
|a article14
|
| 999 |
|
|
|c 1916111
|d 1918041
|